Lebensgemeinschaften der landtiere : ihre Erforschung unter besonderer Berücksichtigung der zoozönologischen Arbeitsmethoden /

Guardado en:
Autor Principal: Balogh, János, 1913-
Formato: Libro
Idioma:German
Publicado: Budapest : Verlag der Ungarischen Akademie der Wissenschaften, 1958.
Edición:2. verb. und erweiterte Ausg. des 1953 erschienenen Werkes "Grundzüge der Zoozönologie.".
Etiquetas: Agregar Etiqueta
Sin Etiquetas, Sea el primero en etiquetar este registro!
LEADER 00688nam a22001455a 4500
001 EEA.libagro001237
005 20150806134806.0
008 130809s1958####gw#a##########000#0#ger#d
082 0 4 |a 591.5 
100 1 |a Balogh, János,  |d 1913- 
245 1 0 |a Lebensgemeinschaften der landtiere :  |b ihre Erforschung unter besonderer Berücksichtigung der zoozönologischen Arbeitsmethoden /  |c János Balogh. 
250 |a 2. verb. und erweiterte Ausg. des 1953 erschienenen Werkes "Grundzüge der Zoozönologie.". 
260 |a Budapest :  |b Verlag der Ungarischen Akademie der Wissenschaften,  |c 1958. 
300 |a 560 p. :  |b il. ;  |c 24 cm. 
859 |a AR-BbBCA  |b BIB. AGRONOMIA  |h 591.5  |i B195a2  |p 1962/0015